Detalles MARC
| 000 -LIDER |
| fixed length control field |
01480cam a22003372u 4500 |
| 001 - NÚMERO DE CONTROL |
| Identificador de número de control |
|
| 003 - IDENTIFICACDOR DE NÚMERO DE CONTROL |
| control field |
DO-SdBNP |
| 005 - DATE AND TIME OF LATEST TRANSACTION |
| control field |
20220420124714.0 |
| 008 - ELEMENTOS DE LONGITUD FIJA |
| fixed length control field |
|
| 020 ## - ISBN |
| International Standard Book Number |
9788499087894 |
| 040 ## - FUENTE DE CATALOGACIÓN |
| Agencia que crea de manera original el registro |
BPMSU |
| Idioma de catalogación |
spa |
| Agencia que realiza la transcripción |
BPMSU |
| 082 ## - NÚMERO DE CLASIFICACIÓN DECIMAL DE DEWEY |
| Classification number |
894.35 |
| Item number |
P186m 2011 |
| Edition number |
22 |
| 100 1# - ASIENTO PRINCIPAL -- NOMBRE PERSONAL |
| Nombre personal |
Pamuk, Orhan |
| Fechas asociadas con el nombre |
1952- |
| Authority record control number |
|
| 245 13 - MENCIÓN DE TITULO |
| Título |
El museo de la inocencia / |
| Mención de responsabilidad |
Orhan Pamuk ; traducción de Rafael Carpintero. |
| 260 ## - PUBLICACIÓN, DISTRIBUCIÓN, ETC. (PIE DE IMPRENTA) |
| Lugar de publicación, distribución, etc |
Barcelona : |
| Nombre del editor, distribuidor, etc. |
Mondadori, |
| Fecha de publicación, distribución, etc |
2011 |
| 300 ## - DESCRIPCIÓN FÍSICA |
| Extensión |
648 p. ; |
| Otros detalles físicos |
19 cm. |
| 490 0# - MENCIÓN DE SERIES |
| Mención de serie |
Contemporánea |
| 500 ## - NOTA GENERAL |
| Nota general |
Incluye índice. |
| 520 ## - RESUMEN, ETC. |
| Nota de resumen, etc. |
El museo de la inocencia es un catálogo novelado en el que cada objeto es un instante de esa gran historia de amor. Es también una visita guiada por los cambios que han convulsionado a la sociedad de Estambul desde los años setenta hasta el día de hoy. Pero, sobre todo, es una exhibición de talento a cargo de un escritor que, como su personaje, se ha dedicado durante los últimos años a construir un museo dedicado a una de las más deslumbrantes historias de amor de la literatura contemporánea. |
| 530 ## - ADDITIONAL PHYSICAL FORM AVAILABLE NOTE |
| Additional physical form available note |
|
| 534 ## - NOTA SOBRE LA VERSIÓN ORIGINAL |
| Asiento principal del original |
Título original : |
| Mención del título original |
Masumiyet Muzesi. |
| 586 ## - AWARDS NOTE |
| Awards note |
Premio Nobel de Literatura 2006 |
| 590 ## - NOTA LOCAL |
| Enlace |
Inventariado, 2022/VM |
| 650 #4 - ENCABEZAMIENTO DE MATERIA--TEMÁTICO |
| Término temático o nombre geográfico como elemento de entrada |
Novela turca. |
| 651 #4 - ENCABEZAMIENTO DE MATERIA--NOMBRE GEOGRÁFICO |
| Nombre geográfico |
Estambul (Turquía) |
| Subdivisión de forma |
Novela. |
| 653 ## - INDEX TERM--UNCONTROLLED |
| Uncontrolled term |
Ficción moderna y contemporánea |
| 653 ## - INDEX TERM--UNCONTROLLED |
| Uncontrolled term |
Narrativa romántica |
| 700 1# - ASIENTO SECUNDARIO -- NOMBRE PERSONAL |
| Nombre personal |
Carpintero Ortega, Rafael |
| Fechas asociadas con el nombre |
1962- |
| Mención de responsabilidad |
traductor |
| Término de relación |
|
| 910 ## - VALIDACIÓN |
| Validación |
VMateo V. |
| 942 ## - ADDED ENTRY ELEMENTS (KOHA) |
| Source of classification or shelving scheme |
Dewey Decimal Classification |
| Koha item type |
Libros |